| 000 | 01369cam a22002054a 4500 | ||
|---|---|---|---|
| 005 | 20250605163922.0 | ||
| 008 | 250528s ||||||||||||||||||||||||d | ||
| 035 | _a14428 | ||
| 020 | _a335206433 | ||
| 040 |
_aGR-AtMCL _bgre _dGR-AtMCL _eAACR2 |
||
| 245 | 1 | _aResearch Methods in Health / Investigating Health and Health Services | |
| 250 | _a2nd | ||
| 260 |
_bOpen University Press, _c2006 |
||
| 300 | _a492 | ||
| 520 | _aThis text is aimed at students and researchers of health and health services. Preface, Acknowledgements, Investigating Health Services and Health: The Scope of Research, Evaluating Health Services: Multidisciplinary Collaboration, Social Research on Health: Sociological and Psychological Concepts and Approaches, Health Needs and Their Assessment: Demography and Epidemiology, Costing Health Services: Health Economies, The Philosophy and Theory and Practice of Research, The Philosophical Framework of Measurement, The Principles of Research, Quantitative Research: Sampling and Research Methods, Sample Size and Sampling and Research Methods, Quantitative Research: Surveys, The Tools of Quantitative Research, Questionnaire Design, Techniques of Survey Interviewing, Qualitative and Combined Methods and Their Analysis, Glossary, References, Index. | ||
| 700 | 1 |
_aBowling Ann _985 |
|
| 942 | _cBK | ||
| 999 |
_c61 _d61 |
||